000
00196 a2200097 4500
001
41692
100
_a
Dumas Alex
245
_a
The black tulip
260
_a
Collins
_b
_c
090
_c
25820
_d
25820
942
_a
NUST-CAE
_c
M
_c
17581
999
_c
276765
_d
276765